[Event "Reutlingen op 22nd"]
[Site "Reutlingen"]
[Date "2017.06.02"]
[Round "1"]
[White "Carstens, Andreas"]
[Black "Sommer, Norbert"]
[Result "1-0"]
[WhiteElo "2248"]
[BlackElo "1815"]
[PlyCount "55"]
[EventDate "2017.06.02"]
[EventType "swiss"]
[EventRounds "7"]
[EventCountry "GER"]
[SourceTitle "CBM 179 Extra"]
[Source "ChessBase"]
[SourceDate "2017.08.23"]
[SourceVersion "1"]
[SourceVersionDate "2017.08.23"]
[SourceQuality "1"]

1. e4 c5 2. Nf3 d6 3. d4 cxd4 4. Nxd4 Nf6 5. Nc3 a6 6. h3 e5 7. Nde2 Be7 8. g4 Nbd7 9. g5 Nh5 10. Nd5 Nb6 11. Nec3 Nf4 12. Nxf4 exf4 13. Bxf4 Be6 14. Qd4 Rc8 15. Qxg7 Rf8 16. 0-0-0 Nc4 17. Bxc4 Rxc4 18. Rhe1 Qa5 19. Rxd6 Rxc3 20. Qxc3 Qxc3 21. bxc3 Bxd6 22. Bxd6 Rg8 23. h4 Bxa2 24. Rd1 Bc4 25. Rd4 Bb5 26. Be5 Ke7 27. Bf6+ Ke6 28. f4 1-0

[Event "Oberliga Wuerttemberg 1617"]
[Site "Wuerttemberg"]
[Date "2017.04.02"]
[Round "10.4"]
[White "Fritsch, Rolf"]
[Black "Carstens, Andreas"]
[Result "1/2-1/2"]
[WhiteElo "2258"]
[BlackElo "2207"]
[PlyCount "41"]
[EventDate "2016.09.25"]
[EventType "team-tourn"]
[EventRounds "11"]
[EventCountry "GER"]
[SourceTitle "EXT 2019"]
[Source "ChessBase"]
[SourceDate "2018.10.10"]
[SourceVersion "1"]
[SourceVersionDate "2018.10.10"]
[SourceQuality "1"]
[WhiteTeam "Stuttgart SF"]
[BlackTeam "Bebenhausen"]
[WhiteTeamCountry "GER"]
[BlackTeamCountry "GER"]

1. d4 Nf6 2. c4 g6 3. g3 Bg7 4. Bg2 0-0 5. Nc3 d6 6. Nf3 Nc6 7. h3 a6 8. 0-0 Rb8 9. d5 Na5 10. Qd3 c5 11. Nd2 b5 12. e4 Nd7 13. f4 Nxc4 14. Nxc4 bxc4 15. Qxc4 Rb4 16. Qe2 Qb6 17. Rf3 Bd4+ 18. Kh2 Qb8 19. Qc2 Bg7 20. a3 Rb3 21. Bf1 1/2-1/2

[Event "Oberliga Wuerttemberg 1617"]
[Site "Wuerttemberg"]
[Date "2016.10.30"]
[Round "3.4"]
[White "Carstens, Andreas"]
[Black "Birkenmaier, Rainer"]
[Result "1/2-1/2"]
[WhiteElo "2207"]
[BlackElo "2096"]
[PlyCount "72"]
[EventDate "2016.09.25"]
[EventType "team-tourn"]
[EventRounds "11"]
[EventCountry "GER"]
[SourceTitle "EXT 2019"]
[Source "ChessBase"]
[SourceDate "2018.10.10"]
[SourceVersion "1"]
[SourceVersionDate "2018.10.10"]
[SourceQuality "1"]
[WhiteTeam "Bebenhausen"]
[BlackTeam "Biberach"]
[WhiteTeamCountry "GER"]
[BlackTeamCountry "GER"]

1. e4 g6 2. d4 Bg7 3. Nc3 d6 4. f4 e6 5. Nf3 Ne7 6. Be3 Nd7 7. Qd2 b6 8. Bd3 Bb7 9. 0-0-0 d5 10. g4 dxe4 11. Bxe4 Bxe4 12. Nxe4 Nf6 13. Nxf6+ Bxf6 14. Ne5 h5 15. h3 Bxe5 16. dxe5 Qxd2+ 17. Kxd2 0-0-0+ 18. Ke2 Rxd1 19. Rxd1 hxg4 20. hxg4 Nd5 21. f5 gxf5 22. gxf5 Rh2+ 23. Bf2 Rh5 24. fxe6 Rxe5+ 25. Kd2 Rxe6 26. Rh1 Nf6 27. Be3 a5 28. a3 Kd7 29. Rf1 Ne4+ 30. Kd3 Nd6 31. c4 c5 32. b4 axb4 33. axb4 cxb4 34. Bxb6 Kc6 35. Bd4 Rh6 36. c5 Nb7 1/2-1/2

[Event "Oberliga Wuerttemberg 1617"]
[Site "Wuerttemberg"]
[Date "2016.10.16"]
[Round "2.6"]
[White "Meschke, Andreas"]
[Black "Carstens, Andreas"]
[Result "0-1"]
[WhiteElo "2080"]
[BlackElo "2207"]
[PlyCount "84"]
[EventDate "2016.09.25"]
[EventType "team-tourn"]
[EventRounds "11"]
[EventCountry "GER"]
[SourceTitle "EXT 2019"]
[Source "ChessBase"]
[SourceDate "2018.10.10"]
[SourceVersion "1"]
[SourceVersionDate "2018.10.10"]
[SourceQuality "1"]
[WhiteTeam "Erdmannhausen"]
[BlackTeam "Bebenhausen"]
[WhiteTeamCountry "GER"]
[BlackTeamCountry "GER"]

1. e4 e6 2. d4 d5 3. Nc3 Bb4 4. e5 c5 5. Bd2 Nh6 6. Bxh6 gxh6 7. a3 Ba5 8. dxc5 d4 9. b4 dxc3 10. bxa5 Qxa5 11. Qd6 Bd7 12. Nh3 Bc6 13. Nf4 Nd7 14. Nd3 0-0-0 15. Qd4 Rhg8 16. Qb4 Qc7 17. Qxc3 Bxg2 18. Bxg2 Rxg2 19. Kf1 Rdg8 20. Rb1 R2g5 21. c6 Qxc6 22. Qxc6+ bxc6 23. h4 Rf5 24. Re1 Rg4 25. Rh3 Kc7 26. Ree3 c5 27. f3 c4 28. Ne1 Rd4 29. c3 Rd1 30. Re4 Rxe5 31. Rxc4+ Nc5 32. Rxc5+ Rxc5 33. Ke2 Rcd5 34. Rg3 R5d2+ 35. Ke3 Rd7 36. Ke2 Ra1 37. Nd3 Ra2+ 38. Ke3 Rxa3 39. Kd2 Ra2+ 40. Ke3 Rc2 41. Ne5 Rxc3+ 42. Ke4 f5+ 0-1

[Event "Oberliga Wuerttemberg 1617"]
[Site "Wuerttemberg"]
[Date "2016.09.25"]
[Round "1.4"]
[White "Carstens, Andreas"]
[Black "Schuh, Karsten"]
[Result "1-0"]
[WhiteElo "2207"]
[BlackElo "2243"]
[PlyCount "59"]
[EventDate "2016.09.25"]
[EventType "team-tourn"]
[EventRounds "11"]
[EventCountry "GER"]
[SourceTitle "EXT 2019"]
[Source "ChessBase"]
[SourceDate "2018.10.10"]
[SourceVersion "1"]
[SourceVersionDate "2018.10.10"]
[SourceQuality "1"]
[WhiteTeam "Bebenhausen"]
[BlackTeam "Boeblingen"]
[WhiteTeamCountry "GER"]
[BlackTeamCountry "GER"]

1. e4 c5 2. Nf3 d6 3. d4 cxd4 4. Nxd4 Nf6 5. Nc3 a6 6. h3 e5 7. Nde2 h5 8. g3 Be6 9. Bg2 Be7 10. Be3 b5 11. Qd2 Nbd7 12. 0-0 Qc7 13. f4 Nb6 14. b3 Rc8 15. Rac1 Rd8 16. Nd5 Bxd5 17. exd5 Nfd7 18. Nc3 exf4 19. Bxf4 Bf6 20. Ne4 Be5 21. Bxe5 Nxe5 22. Qg5 f6 23. Rxf6 gxf6 24. Nxf6+ Kf8 25. Rf1 Nf7 26. Qg6 Qe7 27. Nxh5 Rxh5 28. Qxh5 Ke8 29. Be4 Nd7 30. Rxf7 1-0

[Event "Oberliga Wuerttemberg 1516"]
[Site "Wuerttemberg"]
[Date "2016.03.13"]
[Round "8.4"]
[White "Carstens, Andreas"]
[Black "Held, Paul"]
[Result "1-0"]
[WhiteElo "2132"]
[BlackElo "2172"]
[PlyCount "71"]
[EventDate "2015.09.20"]
[EventType "team-tourn"]
[EventRounds "9"]
[EventCountry "GER"]
[SourceTitle "EXT 2019"]
[Source "ChessBase"]
[SourceDate "2018.10.10"]
[SourceVersion "1"]
[SourceVersionDate "2018.10.10"]
[SourceQuality "1"]
[WhiteTeam "Bebenhausen"]
[BlackTeam "Schwaebisch Gmuend"]
[WhiteTeamCountry "GER"]
[BlackTeamCountry "GER"]

1. e4 g6 2. d4 Bg7 3. Nc3 d6 4. f4 Nf6 5. Nf3 c5 6. dxc5 Qa5 7. Bd3 Qxc5 8. Qe2 Bg4 9. Be3 Qa5 10. 0-0 0-0 11. h3 Bxf3 12. Qxf3 Nc6 13. a3 Nd7 14. Bd2 Qb6+ 15. Kh1 Nc5 16. Rab1 Nxd3 17. cxd3 e6 18. f5 Rfe8 19. f6 Bf8 20. Be3 Qb3 21. d4 Rac8 22. Qf2 d5 23. e5 b5 24. Qh4 Kh8 25. Bh6 Bxh6 26. Qxh6 Rg8 27. Rf4 g5 28. Rg4 Rg6 29. Qh5 Rcg8 30. h4 a6 31. hxg5 Rc8 32. Qh3 Qc2 33. Rf1 Na5 34. Ne4 Qxe4 35. Rxe4 dxe4 36. Rf4 1-0

[Event "Oberliga Wuerttemberg 1516"]
[Site "Wuerttemberg"]
[Date "2016.01.17"]
[Round "5.4"]
[White "Birkenmaier, Rainer"]
[Black "Carstens, Andreas"]
[Result "1/2-1/2"]
[WhiteElo "2074"]
[BlackElo "2132"]
[PlyCount "69"]
[EventDate "2015.09.20"]
[EventType "team-tourn"]
[EventRounds "9"]
[EventCountry "GER"]
[SourceTitle "EXT 2019"]
[Source "ChessBase"]
[SourceDate "2018.10.10"]
[SourceVersion "1"]
[SourceVersionDate "2018.10.10"]
[SourceQuality "1"]
[WhiteTeam "Biberach"]
[BlackTeam "Bebenhausen"]
[WhiteTeamCountry "GER"]
[BlackTeamCountry "GER"]

1. d4 Nf6 2. Nf3 g6 3. Bg5 Bg7 4. Nbd2 0-0 5. c3 d6 6. e4 h6 7. Bxf6 Bxf6 8. Bd3 e5 9. dxe5 dxe5 10. Qe2 Be6 11. 0-0 Nd7 12. Bc4 Qe7 13. Bxe6 Qxe6 14. Qc4 Qxc4 15. Nxc4 Nc5 16. Ncxe5 Bxe5 17. Nxe5 Nxe4 18. Rfe1 Nf6 19. Rad1 Rad8 20. Kf1 Rfe8 21. Rxd8 Rxd8 22. Nf3 Kf8 23. c4 Rd6 24. Re2 Nd7 25. Rd2 Ke7 26. Rxd6 Kxd6 27. Ke2 Nc5 28. Kd2 a6 29. Ne1 Ke5 30. Ke3 g5 31. Nf3+ Kf5 32. Nd4+ Ke5 33. Nf3+ Kf5 34. Nd4+ Ke5 35. Nf3+ 1/2-1/2

[Event "BL2-Sued 1112"]
[Site "Germany"]
[Date "2011.10.23"]
[Round "2.5"]
[White "Mueller, Reinhold"]
[Black "Carstens, Andreas"]
[Result "1-0"]
[WhiteElo "2300"]
[BlackElo "2231"]
[PlyCount "51"]
[EventDate "2011.10.02"]
[EventType "team-tourn"]
[EventRounds "9"]
[EventCountry "GER"]
[SourceTitle "EXT 2015"]
[Source "ChessBase"]
[SourceDate "2014.11.20"]
[SourceVersion "1"]
[SourceVersionDate "2014.11.20"]
[SourceQuality "1"]
[WhiteTeam "Saarbruecken"]
[BlackTeam "Bebenhausen"]
[WhiteTeamCountry "GER"]
[BlackTeamCountry "GER"]

1. d4 Nf6 2. c4 g6 3. Nc3 Bg7 4. e4 d6 5. f4 0-0 6. Nf3 c5 7. d5 e6 8. Be2 exd5 9. cxd5 Re8 10. e5 dxe5 11. fxe5 Ng4 12. Bg5 Qb6 13. 0-0 Nxe5 14. Nxe5 Bxe5 15. Bc4 Bf5 16. Nb5 a6 17. d6 axb5 18. Bxf7+ Kxf7 19. Rxf5+ Kg7 20. d7 Bd4+ 21. Qxd4+ cxd4 22. dxe8Q gxf5 23. Re1 d3+ 24. Be3 Qd6 25. Bd2 Nc6 26. Qxa8 1-0

[Event "BL2-Sued 1112"]
[Site "Germany"]
[Date "2011.10.02"]
[Round "1.4"]
[White "Bewersdorff, Oliver"]
[Black "Carstens, Andreas"]
[Result "1/2-1/2"]
[WhiteElo "2326"]
[BlackElo "2231"]
[PlyCount "54"]
[EventDate "2011.10.02"]
[EventType "team-tourn"]
[EventRounds "9"]
[EventCountry "GER"]
[SourceTitle "EXT 2015"]
[Source "ChessBase"]
[SourceDate "2014.11.20"]
[SourceVersion "1"]
[SourceVersionDate "2014.11.20"]
[SourceQuality "1"]
[WhiteTeam "Schott Mainz"]
[BlackTeam "Bebenhausen"]
[WhiteTeamCountry "GER"]
[BlackTeamCountry "GER"]

1. c4 g6 2. g3 Bg7 3. Bg2 d6 4. Nc3 Nc6 5. e4 e5 6. Nge2 h5 7. h4 Be6 8. Nd5 Qd7 9. d3 Nd4 10. Nxd4 exd4 11. Bg5 c6 12. Nf4 Nf6 13. Nxe6 Qxe6 14. Bh3 Qe5 15. 0-0 0-0 16. f4 Qc5 17. f5 Rae8 18. Rb1 a5 19. a3 Nh7 20. b4 axb4 21. axb4 Qe5 22. Bf4 Qe7 23. Qd2 Be5 24. Rb2 Ra8 25. Ra2 Bxf4 26. Rxf4 Qe5 27. Kh2 Kg7 1/2-1/2

[Event "Oberliga Wuerttemberg 1011"]
[Site "Wuerttemberg"]
[Date "2011.03.27"]
[Round "8"]
[White "Carstens, Andreas"]
[Black "Fritsch, Rolf"]
[Result "1-0"]
[WhiteElo "2220"]
[BlackElo "2205"]
[PlyCount "80"]
[EventDate "2010.09.26"]
[EventType "team-tourn"]
[EventRounds "9"]
[EventCountry "GER"]
[SourceTitle "EXT 2019"]
[Source "ChessBase"]
[SourceDate "2018.10.10"]
[SourceVersion "1"]
[SourceVersionDate "2018.10.10"]
[SourceQuality "1"]
[WhiteTeam "Bebenhausen"]
[BlackTeam "Stuttgart SF"]
[WhiteTeamCountry "GER"]
[BlackTeamCountry "GER"]

1. e4 g6 2. d4 Bg7 3. Nc3 d6 4. f4 a6 5. Nf3 Nd7 6. a4 c5 7. d5 Qc7 8. a5 Ngf6 9. Be2 0-0 10. 0-0 Re8 11. Kh1 b5 12. axb6 Nxb6 13. e5 Nfd7 14. e6 fxe6 15. Ng5 Nf8 16. Bg4 Bxc3 17. bxc3 exd5 18. f5 Bxf5 19. Bxf5 gxf5 20. Rxf5 e6 21. Rf6 Re7 22. Qg4 Rg7 23. Nxe6 Rxg4 24. Nxc7 Rc8 25. Rxd6 Rg6 26. Bf4 Rxd6 27. Bxd6 Nfd7 28. Rxa6 Kf7 29. Kg1 Nc4 30. Nxd5 Re8 31. Bg3 Re2 32. Ra7 Ke8 33. Ra4 Ndb6 34. Nxb6 Nxb6 35. Ra5 Nd7 36. Ra2 Ke7 37. Kf1 Rd2 38. Be1 Rd5 39. Ra4 h5 40. Re4+ Kf6 1-0

[Event "Oberliga Wuerttemberg 1011"]
[Site "Wuerttemberg"]
[Date "2011.03.13"]
[Round "7"]
[White "Wettengel, Alexander"]
[Black "Carstens, Andreas"]
[Result "0-1"]
[WhiteElo "2115"]
[BlackElo "2220"]
[PlyCount "52"]
[EventDate "2010.09.26"]
[EventType "team-tourn"]
[EventRounds "9"]
[EventCountry "GER"]
[SourceTitle "EXT 2019"]
[Source "ChessBase"]
[SourceDate "2018.10.10"]
[SourceVersion "1"]
[SourceVersionDate "2018.10.10"]
[SourceQuality "1"]
[WhiteTeam "Stuttgart SF II"]
[BlackTeam "Bebenhausen"]
[WhiteTeamCountry "GER"]
[BlackTeamCountry "GER"]

1. e4 e6 2. Nf3 d5 3. Nc3 Nf6 4. e5 Nfd7 5. d4 c5 6. dxc5 Nc6 7. Bf4 Bxc5 8. Bd3 h6 9. h4 0-0 10. Qe2 f6 11. exf6 Qxf6 12. Bg5 Qf7 13. Bd2 Nde5 14. Nxe5 Qxf2+ 15. Kd1 Qxe2+ 16. Bxe2 Nxe5 17. Nb5 Bd7 18. Bc3 Nc4 19. Nd4 e5 20. Bxc4 dxc4 21. Nf3 e4 22. Ne5 Be6 23. b4 cxb3 24. axb3 Rf2 25. g4 Rg2 26. g5 Be3 0-1

[Event "Oberliga Wuerttemberg 1011"]
[Site "Wuerttemberg"]
[Date "2010.11.28"]
[Round "4"]
[White "Carstens, Andreas"]
[Black "Preuss, Heiko"]
[Result "1/2-1/2"]
[WhiteElo "2220"]
[BlackElo "2240"]
[PlyCount "69"]
[EventDate "2010.09.26"]
[EventType "team-tourn"]
[EventRounds "9"]
[EventCountry "GER"]
[SourceTitle "EXT 2019"]
[Source "ChessBase"]
[SourceDate "2018.10.10"]
[SourceVersion "1"]
[SourceVersionDate "2018.10.10"]
[SourceQuality "1"]
[WhiteTeam "Bebenhausen"]
[BlackTeam "Ulm Post"]
[WhiteTeamCountry "GER"]
[BlackTeamCountry "GER"]

1. e4 c5 2. Nf3 d6 3. d4 cxd4 4. Nxd4 Nf6 5. Nc3 a6 6. h3 e6 7. g4 b5 8. a3 Bb7 9. Bg2 Qc7 10. 0-0 Nc6 11. Nxc6 Qxc6 12. g5 Nd7 13. f4 Be7 14. Be3 Bd8 15. Kh1 Bb6 16. Bd4 0-0 17. f5 Bxd4 18. Qxd4 Ne5 19. Rad1 Rad8 20. f6 gxf6 21. gxf6 Kh8 22. Rf4 Rg8 23. Rh4 Qc5 24. Qxc5 dxc5 25. Rxd8 Rxd8 26. Rh5 Nd7 27. e5 Bxg2+ 28. Kxg2 Rg8+ 29. Kf2 Rg6 30. Ne4 h6 31. Nd6 Kg8 32. Nc8 Kh7 33. Nd6 Kg8 34. Nc8 Kh7 35. Nd6 1/2-1/2

[Event "Oberliga Wuerttemberg 1011"]
[Site "Wuerttemberg"]
[Date "2010.10.17"]
[Round "2"]
[White "Carstens, Andreas"]
[Black "Junger, Ulrich"]
[Result "1-0"]
[WhiteElo "2220"]
[BlackElo "2092"]
[PlyCount "69"]
[EventDate "2010.09.26"]
[EventType "team-tourn"]
[EventRounds "9"]
[EventCountry "GER"]
[SourceTitle "EXT 2019"]
[Source "ChessBase"]
[SourceDate "2018.10.10"]
[SourceVersion "1"]
[SourceVersionDate "2018.10.10"]
[SourceQuality "1"]
[WhiteTeam "Bebenhausen"]
[BlackTeam "Ebersbach"]
[WhiteTeamCountry "GER"]
[BlackTeamCountry "GER"]

1. e4 c5 2. Nf3 Nc6 3. d4 cxd4 4. Nxd4 Nf6 5. Nc3 e5 6. Ndb5 d6 7. Bg5 a6 8. Na3 b5 9. Nd5 Be7 10. Bxf6 Bxf6 11. c3 0-0 12. Nc2 Bg5 13. a4 bxa4 14. Rxa4 Rb8 15. b4 Ne7 16. Nxe7+ Qxe7 17. Be2 Bb7 18. Qd3 Qc7 19. Ne3 Bxe3 20. Qxe3 Qc6 21. Ra3 f5 22. 0-0 fxe4 23. c4 Rf6 24. Raa1 Rbf8 25. Rac1 Qd7 26. Rcd1 Qf7 27. Rd2 Qg6 28. Rb2 Rf3 29. Qb6 Ba8 30. c5 R3f6 31. cxd6 Rxd6 32. Qc5 e3 33. f3 Rd2 34. Rxd2 exd2 35. Bc4+ 1-0